[Event "RUS-ch Schools"]
[Site "Novokuznetsk"]
[Date "2001.??.??"]
[Round "3"]
[White "Grachev, Jury"]
[Black "Seliverstov, Alexey"]
[Result "1-0"]
[WhiteElo "2380"]
[BlackElo "2118"]
[PlyCount "103"]
[EventDate "2001.10.??"]
[EventType "swiss"]
[EventRounds "9"]
[EventCountry "RUS"]
[SourceTitle "CBM 085 Extra"]
[Source "ChessBase"]
[SourceDate "2002.01.21"]
[SourceVersion "1"]
[SourceVersionDate "2002.01.21"]
[SourceQuality "1"]

1. e4 c5 2. c3 g6 3. d4 cxd4 4. cxd4 d5 5. e5 Bg7 6. Nc3 Nc6 7. g3 a6 8. Bg2 e6 9. Nge2 Nge7 10. 0-0 0-0 11. Bg5 f6 12. exf6 Bxf6 13. Bxf6 Rxf6 14. Qd2 Kg7 15. Nd1 e5 16. dxe5 Nxe5 17. Ne3 Bh3 18. Qc3 Bxg2 19. Kxg2 d4 20. Qxd4 Qxd4 21. Nxd4 Rd8 22. Rad1 N7c6 23. Nxc6 Nxc6 24. Rxd8 Nxd8 25. Rd1 Nc6 26. f4 Rf7 27. a3 Na5 28. Kf3 Nb3 29. Rd5 Rc7 30. Rd3 Na5 31. g4 Nc6 32. h4 Rf7 33. Rd5 Kf6 34. h5 Ke6 35. f5+ Ke7 36. Kf4 gxh5 37. g5 b5 38. Rd2 h4 39. Rh2 Nd4 40. Rxh4 Ne6+ 41. Kg4 Nf8 42. Rh6 Nd7 43. Rxa6 Ne5+ 44. Kg3 Kf8 45. Rb6 Rd7 46. Rxb5 Nf7 47. f6 Nd6 48. Rb8+ Kf7 49. Kf4 h6 50. gxh6 Kxf6 51. Rb6 Kf7 52. h7 1-0

[Event "RUS-ch Schools"]
[Site "Novokuznetsk"]
[Date "2001.??.??"]
[Round "2"]
[White "Seliverstov, Alexey"]
[Black "Bedarev, Sergey"]
[Result "1/2-1/2"]
[WhiteElo "2118"]
[BlackElo "2302"]
[PlyCount "68"]
[EventDate "2001.10.??"]
[EventType "swiss"]
[EventRounds "9"]
[EventCountry "RUS"]
[SourceTitle "CBM 085 Extra"]
[Source "ChessBase"]
[SourceDate "2002.01.21"]
[SourceVersion "1"]
[SourceVersionDate "2002.01.21"]
[SourceQuality "1"]

1. e4 c6 2. d4 d5 3. e5 c5 4. c3 Nc6 5. Nf3 Bg4 6. Bb5 Qb6 7. Bxc6+ bxc6 8. dxc5 Bxf3 9. Qxf3 Qxc5 10. 0-0 e6 11. Na3 Ne7 12. b4 Qb6 13. Nc2 Nf5 14. g4 Nh4 15. Qg3 Be7 16. Be3 Qc7 17. f4 h5 18. f5 hxg4 19. fxe6 fxe6 20. Nd4 Nf5 21. Nxe6 Nxg3 22. Nxc7+ Kd7 23. Nxa8 Nxf1 24. Rxf1 Rxa8 25. Rf7 Ke6 26. Rxg7 a5 27. a3 axb4 28. axb4 Bf8 29. Rxg4 Kxe5 30. Bd4+ Kf5 31. h3 Ra2 32. Rg8 Bd6 33. h4 Ke4 34. Rg6 Bf4 1/2-1/2

[Event "RUS-ch Schools"]
[Site "Novokuznetsk"]
[Date "2001.??.??"]
[Round "8"]
[White "Seliverstov, Alexey"]
[Black "Gutov, Andrey"]
[Result "1-0"]
[WhiteElo "2118"]
[BlackElo "2400"]
[PlyCount "71"]
[EventDate "2001.10.??"]
[EventType "swiss"]
[EventRounds "9"]
[EventCountry "RUS"]
[SourceTitle "CBM 085 Extra"]
[Source "ChessBase"]
[SourceDate "2002.01.21"]
[SourceVersion "1"]
[SourceVersionDate "2002.01.21"]
[SourceQuality "1"]

1. c4 e5 2. Nc3 Nc6 3. g3 g6 4. Bg2 Bg7 5. d3 d6 6. Nf3 Nf6 7. 0-0 0-0 8. Bg5 h6 9. Bd2 Be6 10. e4 Kh7 11. Nd5 Ng8 12. b4 f5 13. b5 Nce7 14. Ba5 Rc8 15. Rc1 Qd7 16. a4 c6 17. Nxe7 Nxe7 18. exf5 gxf5 19. Nd2 f4 20. Ne4 Nf5 21. Qh5 Kg8 22. gxf4 Nd4 23. fxe5 Bg4 24. Qg6 Bf5 25. Qxd6 Ne2+ 26. Kh1 Nxc1 27. Rxc1 cxb5 28. axb5 Qxb5 29. Bc3 Qe8 30. Nf6+ Bxf6 31. exf6 Kh7 32. Re1 Qh5 33. Bd5 Bg6 34. Re7+ Bf7 35. Qg3 Rg8 36. Rxf7+ 1-0

[Event "RUS-ch Schools"]
[Site "Novokuznetsk"]
[Date "2001.??.??"]
[Round "6"]
[White "Seliverstov, Alexey"]
[Black "Nazarov, Pavel"]
[Result "1/2-1/2"]
[WhiteElo "2118"]
[BlackElo "2230"]
[PlyCount "55"]
[EventDate "2001.10.??"]
[EventType "swiss"]
[EventRounds "9"]
[EventCountry "RUS"]
[SourceTitle "CBM 085 Extra"]
[Source "ChessBase"]
[SourceDate "2002.01.21"]
[SourceVersion "1"]
[SourceVersionDate "2002.01.21"]
[SourceQuality "1"]

1. e4 c5 2. Nc3 e6 3. g3 Nc6 4. Bg2 g6 5. d3 Bg7 6. Nf3 Nge7 7. 0-0 d6 8. Bf4 a6 9. Qd2 0-0 10. h4 b5 11. Bh6 e5 12. Bxg7 Kxg7 13. Nd5 Nxd5 14. exd5 Ne7 15. b4 cxb4 16. d4 e4 17. Ng5 Nxd5 18. Nxe4 Bb7 19. a3 bxa3 20. Nc3 Nxc3 21. Bxb7 Ra7 22. Qxc3 Rxb7 23. d5+ Kg8 24. Qxa3 Ra7 25. Qb4 h6 26. c4 bxc4 27. Qxc4 Qc8 28. Qd3 1/2-1/2